| 000 | 00968cab a2200277 4500 | ||
|---|---|---|---|
| 001 | ABS52995 | ||
| 008 | 090401t1995 xxu||||| |||| 00| 0 eng d | ||
| 035 | _a(Sirsi) u1253 | ||
| 041 | _aeng | ||
| 100 | _aJayawardane, A.K.W. | ||
| 245 | _aMeasurement of brickwork and blockwork productivity, part B | ||
| 260 | _c1995 | ||
| 350 | _a0 | ||
| 490 |
_aBuilding Research and Information _v23(3) May 1995, 147-155(9) |
||
| 520 | _aUsing the MINITAB package, the measurement of basic times and productivity for brickwork and blockwork applications were evaluated in four main steps: correlation, graphs, variance tests and regression analysis. (See ABS52644 for part A). | ||
| 650 | _aBLOCKWORK | ||
| 650 | _aBRICKWORK | ||
| 650 | _aCONSTRUCTION INDUSTRY | ||
| 650 | _aPRODUCTION TIMES | ||
| 650 | _aPRODUCTIVITY | ||
| 690 | _aBUILT ENVIRONMENT-BUILDING MATERIALS | ||
| 700 | _aPrice, A.D.F. | ||
| 700 | _aHarris, F.C. | ||
| 942 | _n0 | ||
| 948 | _c04/03/1997 | ||
| 999 |
_c684 _d684 |
||